Państwa Świata w bierniku - Statystyki

Ogólne statystyki
  • Ten quiz został rozwiązany 63 razy
  • Średni wynik to 127 z 196
Odpowiedzi na mapie
Odpowiedzi zakodowano w zielono-czerwonej skali na mapie do tego quizu, zgodnie z poniższymi procentami.
 
Statystyki odpowiedzi
Kraj % Poprawnych
Kanadę
80%
Meksyk
80%
Polskę
78%
Stany Zjednoczone
78%
Niemcy
76%
Brazylię
73%
Chile
73%
Chiny
73%
Peru
73%
Rosję
73%
Urugwaj
73%
Argentynę
71%
Białoruś
71%
Boliwię
71%
Czechy
71%
Ekwador
71%
Francję
71%
Haiti
71%
Kazachstan
71%
Kolumbię
71%
Laos
71%
Paragwaj
71%
Seszele
71%
Surinam
71%
Arabię Saudyjską
69%
Australię
69%
Azerbejdżan
69%
Bahamy
69%
Egipt
69%
Gujanę
69%
Honduras
69%
Indie
69%
Jamajkę
69%
Kostarykę
69%
Kubę
69%
Madagaskar
69%
Nepal
69%
Nikaraguę
69%
Słowację
69%
Ukrainę
69%
Uzbekistan
69%
Wenezuelę
69%
Wietnam
69%
Włochy
69%
Afganistan
67%
Algierię
67%
Bangladesz
67%
Belgię
67%
Belize
67%
Bhutan
67%
Burkinę Faso
67%
Cypr
67%
Danię
67%
Dominikanę
67%
Dominikę
67%
Estonię
67%
Finlandię
67%
Grecję
67%
Gwatemalę
67%
Hiszpanię
67%
Holandię
67%
Irak
67%
Iran
67%
Irlandię
67%
Islandię
67%
Izrael
67%
Kiribati
67%
Kosowo
67%
Lesotho
67%
Liban
67%
Libię
67%
Litwę
67%
Łotwę
67%
Luksemburg
67%
Malediwy
67%
Mongolię
67%
Norwegię
67%
Nową Zelandię
67%
Oman
67%
Pakistan
67%
Panamę
67%
Portugalię
67%
Słowenię
67%
Szwajcarię
67%
Szwecję
67%
Tadżykistan
67%
Trynidad i Tobago
67%
Turcję
67%
Turkmenistan
67%
Wielką Brytanię
67%
Albanię
65%
Armenię
65%
Austrię
65%
Bahrajn
65%
Barbados
65%
Bośnię i Hercegowinę
65%
Bułgarię
65%
Chorwację
65%
Fidżi
65%
Indonezję
65%
Japonię
65%
Kirgistan
65%
Kongo
65%
Koreę Północną
65%
Koreę Południową
65%
Macedonię Północną
65%
Malezję
65%
Maltę
65%
Maroko
65%
Mauritius
65%
Mołdawię
65%
Monako
65%
Niger
65%
Papuę-Nową Gwineę
65%
Rumunię
65%
Salwador
65%
Serbię
65%
Sri Lankę
65%
Sudan
65%
Tajwan
65%
Węgry
65%
Zjednoczone Emiraty Arabskie
65%
Andorę
63%
Angolę
63%
Czad
63%
Eswatini
63%
Etiopię
63%
Gwineę
63%
Jemen
63%
Kambodżę
63%
Katar
63%
Kenię
63%
Komory
63%
Liberię
63%
Liechtenstein
63%
Nigerię
63%
Republikę Południowej Afryki
63%
San Marino
63%
Sudan Południowy
63%
Tajlandię
63%
Tunezję
63%
Czarnogórę
61%
Erytreę
61%
Filipiny
61%
Gruzję
61%
Mikronezję
61%
Mjanmę
61%
Mozambik
61%
Namibię
61%
Nauru
61%
Saint Vincent i Grenadyny
61%
Somalię
61%
Tanzanię
61%
Timor Wschodni
61%
Togo
61%
Tuvalu
61%
Vanuatu
61%
Watykan
61%
Benin
59%
Dżibuti
59%
Gwineę Bissau
59%
Kuwejt
59%
Mali
59%
Palau
59%
Rwandę
59%
Saint Lucia
59%
Samoa
59%
Senegal
59%
Sierra Leone
59%
Syrię
59%
Ugandę
59%
Zimbabwe
59%
Antiguę i Barbudę
57%
Botswanę
57%
Brunei
57%
Burundi
57%
Gabon
57%
Gambię
57%
Ghanę
57%
Gwineę Równikową
57%
Jordanię
57%
Malawi
57%
Mauretanię
57%
Tonga
57%
Zambię
57%
Demokratyczną Republikę Konga
55%
Kamerun
55%
Wybrzeże Kości Słoniowej
55%
Wyspy Salomona
55%
Saint Kitts i Nevis
53%
Singapur
53%
Wyspy Marshalla
53%
Grenadę
51%
Republikę Środkowoafrykańską
51%
Wyspy Świętego Tomasza i Książecą
49%
Republikę Zielonego Przylądka
47%
Nie znaleziono quizów pasujących do podanych kryteriów
Rozkład punktacji
Procent ludzi z każdym wynikiem
Percentyl według liczby udzielonych odpowiedzi
Twoja historia wyników
Nie rozwiązałeś tego quizu